Новый метод синтеза метиленбисмочевин с использованием фенилиодзотрифторацетата; Известия Томского политехнического университета [Известия ТПУ]; Т. 307, № 1
| Parent link: | Известия Томского политехнического университета [Известия ТПУ]/ Томский политехнический университет (ТПУ).— , 2000- Т. 307, № 1.— 2004.— [С. 84-89] |
|---|---|
| Autor principal: | |
| Altres autors: | |
| Sumari: | Заглавие с титульного листа Электронная версия печатной публикации Ha основе реакции 1-монозамещенных мочевин с фенилиодозотрифторацетатом в метанольном растворе предложен новый метод синтеза 1,7-дизамещенных метиленбисмочевин. |
| Idioma: | rus |
| Publicat: |
2004
|
| Col·lecció: | Технические науки |
| Matèries: | |
| Accés en línia: | http://www.lib.tpu.ru/fulltext/v/Bulletin_TPU/2004/v307/i1/16.pdf |
| Format: | MixedMaterials Electrònic Capítol de llibre |
| KOHA link: | https://koha.lib.tpu.ru/cgi-bin/koha/opac-detail.pl?biblionumber=168483 |
MARC
| LEADER | 00000nla2a2200000 4500 | ||
|---|---|---|---|
| 001 | 168483 | ||
| 005 | 20231220103722.0 | ||
| 035 | |a (RuTPU)RU\TPU\book\182795 | ||
| 035 | |a RU\TPU\book\182790 | ||
| 090 | |a 168483 | ||
| 100 | |a 20091028d2004 k y0rusy50 ca | ||
| 101 | 0 | |a rus | |
| 102 | |a RU | ||
| 135 | |a drnn ---uucaa | ||
| 181 | 0 | |a i | |
| 182 | 0 | |a b | |
| 200 | 1 | |a Новый метод синтеза метиленбисмочевин с использованием фенилиодзотрифторацетата |f Е. А. Мамаева, А. А. Бакибаев | |
| 203 | |a Текст |c электронный | ||
| 215 | |a 1 файл (656 Кб) | ||
| 225 | 1 | |a Технические науки | |
| 300 | |a Заглавие с титульного листа | ||
| 300 | |a Электронная версия печатной публикации | ||
| 320 | |a [Библиогр.: с. 88-89 (15 назв.)] | ||
| 330 | |a Ha основе реакции 1-монозамещенных мочевин с фенилиодозотрифторацетатом в метанольном растворе предложен новый метод синтеза 1,7-дизамещенных метиленбисмочевин. | ||
| 337 | |a Adobe Reader | ||
| 461 | 1 | |0 (RuTPU)RU\TPU\book\176237 |t Известия Томского политехнического университета [Известия ТПУ] |f Томский политехнический университет (ТПУ) |d 2000- | |
| 463 | 1 | |0 (RuTPU)RU\TPU\book\182748 |t Т. 307, № 1 |v [С. 84-89] |d 2004 |p 203 с. | |
| 610 | 1 | |a синтез | |
| 610 | 1 | |a метиленбисмочевины | |
| 610 | 1 | |a фенилиодозотрифторацетаты | |
| 610 | 1 | |a монозамещенные мочевины | |
| 610 | 1 | |a метанольные растворы | |
| 610 | 1 | |a труды учёных ТПУ | |
| 610 | 1 | |a электронный ресурс | |
| 700 | 1 | |a Мамаева |b Е. А. |c химик |c доцент Томского политехнического университета, кандидат химических наук |f 1975- |g Елена Андреевна |3 (RuTPU)RU\TPU\pers\35783 |9 18940 | |
| 701 | 1 | |a Бакибаев |b А. А. |c химик |c профессор Томского политехнического университета, доктор химических наук |f 1960- |g Абдигали Абдиманапович |3 (RuTPU)RU\TPU\pers\27073 | |
| 801 | 1 | |a RU |b 63413507 |c 20090623 |g PSBO | |
| 801 | 2 | |a RU |b 63413507 |c 20210527 |g PSBO | |
| 856 | 4 | |u http://www.lib.tpu.ru/fulltext/v/Bulletin_TPU/2004/v307/i1/16.pdf | |
| 942 | |c CF | ||